Confesiones religiosas en el derecho eclesiástico alemán
Guardat en:
| Autor principal: | |
|---|---|
| Format: | Llibre |
| Idioma: | espanyol |
| Publicat: |
Barcelona
Bosch
1986
|
| Matèries: | |
| Etiquetes: |
Afegir etiqueta
Sense etiquetes, Sigues el primer a etiquetar aquest registre!
|
MARC
| LEADER | 00000nam a2200000 a 4500 | ||
|---|---|---|---|
| 001 | UCV2864 | ||
| 003 | CL-VaPUC | ||
| 008 | 921209e19860000SP |||||||||||||||||spa|d | ||
| 082 | 0 | 4 | |a 261.7 |b ZAB |2 21 |
| 100 | 0 | |a Zabalza Bas, Ignacio |e author |9 297155 | |
| 245 | 1 | 0 | |a Confesiones religiosas en el derecho eclesiástico alemán |
| 300 | |a 254 p | ||
| 942 | |c BK | ||
| 945 | |d 19921209 00:00:00 | ||
| 260 | |a Barcelona |b Bosch |c 1986 | ||
| 650 | 7 | |a CONFESIONES RELIGIOSAS |2 CL-VaPUC |9 258431 | |
| 650 | 7 | |a DERECHO ECLESIASTICO SIGLO 17 |2 CL-VaPUC |9 258432 | |
| 651 | 0 | |a Alemania |9 255688 | |
| 583 | |a last modification |c 19921209 00:00:00 |k Rodrigo Vera | ||
| 999 | |c 210332 |d 210330 | ||
| 952 | |0 0 |1 0 |4 0 |6 261_700000000000000_ZAB_1986 |7 0 |8 A |9 186477 |a BIBDER |b BIBDER |d 2019-11-14 |i 2539586 |o 261.7 ZAB 1986 |p 2539586 |r 2023-01-25 |w 2019-11-14 |y BK |k DER | ||